Alteration et metissage axiologique (Record n. 78780)
[ formato base ]
| 000 -LEADER | |
|---|---|
| fixed length control field | 01081nam a2200289Ia 4500 |
| 001 - CONTROL NUMBER | |
| control field | G2565 |
| 003 - CONTROL NUMBER IDENTIFIER | |
| control field | IT-RoPAU |
| 008 - FIXED-LENGTH DATA ELEMENTS--GENERAL INFORMATION | |
| fixed length control field | 130308s9999 xx 000 0 und d |
| 040 ## - CATALOGING SOURCE | |
| Original cataloging agency | IT-RoPAU |
| 040 ## - CATALOGING SOURCE | |
| Transcribing agency | IT-RoPAU |
| 041 ## - LANGUAGE CODE | |
| Language code of text/sound track or separate title | FRANCESE |
| 100 ## - MAIN ENTRY--PERSONAL NAME | |
| Personal name | Barbier René |
| 100 ## - MAIN ENTRY--PERSONAL NAME | |
| Miscellaneous information | Codice Aut. SPICS: 54276 |
| 245 ## - TITLE STATEMENT | |
| Title | Alteration et metissage axiologique |
| 245 ## - TITLE STATEMENT | |
| Remainder of title | Parcours, passages et Paradoxes de L'Interculturel |
| 250 ## - EDITION STATEMENT | |
| Edition statement | 1a ed. |
| 260 ## - PUBLICATION, DISTRIBUTION, ETC. (IMPRINT) | |
| Place of publication, distribution, etc. | PARIS |
| 260 ## - PUBLICATION, DISTRIBUTION, ETC. (IMPRINT) | |
| Name of publisher, distributor, etc. | Anthropos |
| 260 ## - PUBLICATION, DISTRIBUTION, ETC. (IMPRINT) | |
| Date of publication, distribution, etc. | 1999 [1° Ed.:1999 - Ed.Ling.Originale:1999] |
| 300 ## - PHYSICAL DESCRIPTION | |
| Extent | "27 p. (prefazione: no ; testo: 27 [pagine: 113-139])" |
| 500 ## - GENERAL NOTE | |
| General note | Alterazione e Ibridazione Assiologica. Ingombro psichico del Cittadino. cittadinanza Assicurativa ed Educazione Minuscola. cittadinanza plurale ed Educazione Maiuscola. Rivoluzione del Silenzio. Accettare L'Alterazione. Indeterminazione della Vita Culturale e Sociale. Interferenza dei Valori. Valori di Crescita. |
| 650 ## - SUBJECT ADDED ENTRY--TOPICAL TERM | |
| Topical term or geographic name as entry element | SAGGI DI ANTROPOLOGIA |
| 650 ## - SUBJECT ADDED ENTRY--TOPICAL TERM | |
| Relator term | Codice materia Spics: 3507 |
| 942 ## - ADDED ENTRY ELEMENTS (KOHA) | |
| Koha item type | LIBRO |
| 957 ## - | |
| -- | 1 |
| 999 ## - SYSTEM CONTROL NUMBERS (KOHA) | |
| -- | 1 |
| Withdrawn status | Lost status | Damaged status | Not for loan | Home library | Current library | Date acquired | Total Checkouts | Full call number | Date last seen | Price effective from | Koha item type | Public note |
|---|---|---|---|---|---|---|---|---|---|---|---|---|
| Buone Condizioni | Not For Loan | SPICS-MEDIATECA | SPICS-MEDIATECA | 08/03/2013 | G2565 | 08/03/2013 | 08/03/2013 | LIBRO | Progressivo inserimento: 7800 / N. Volumi: 0 [=Contributo] Copie: 1 / data import: 1 marzo 2013 - By Epidotti, Trombetti, Vaglietti. |